Régimen de gobierno y partidos políticos en Chile: 1924-1973

Uloženo v:
Podrobná bibliografie
Hlavní autor: Bravo Lira, Bernardino (Autor)
Médium: Kniha
Jazyk:španělština
Vydáno: Santiago, Chile Jurídica de Chile 1986
Vydání:Segunda edición
Témata:
Tagy: Přidat tag
Žádné tagy, Buďte první, kdo vytvoří štítek k tomuto záznamu!

MARC

LEADER 00000nam a2200000 a 4500
001 UCX4819
003 CL-VaPUC
005 20210625001650.0
008 920730e19860000CL |||||||||||||||||spa|d
999 |c 225205  |d 225203 
040 |c Pontificia Universidad Católica de Valparaíso 
082 0 4 |a 324.283 BRA 1986  |2 21 
100 0 |a Bravo Lira, Bernardino  |e author  |9 321103 
245 1 0 |a Régimen de gobierno y partidos políticos en Chile:  |b  1924-1973 
250 |a Segunda edición 
260 |a Santiago, Chile  |b Jurídica de Chile  |c 1986 
300 |a 320 páginas 
583 |a last modification  |c 19920730 00:00:00  |k Rodrigo Vera 
650 0 |a Partidos políticos  |z CHILE  |9 254999 
650 0 |a Historia  |z CHILE  |9 255047 
852 |a BIBCUR 
942 |c BK  |2 ddc 
945 |d 19920730 00:00:00 
952 |0 0  |1 0  |2 ddc  |4 0  |6 324_283000000000000_BRA_1986  |7 0  |8 A  |9 222541  |a BIBHIS  |b BIBHIS  |d 2019-11-15  |i 2913496  |o 324.283 BRA 1986  |p 2913496  |r 2025-01-20  |t 2  |w 2019-11-15  |y BK  |k HIS 
952 |0 0  |1 0  |2 ddc  |4 0  |6 324_283000000000000_BRA_1986  |7 0  |8 A  |9 222542  |a BIBDER  |b BIBDER  |d 2019-11-15  |i 2001063  |l 1  |o 324.283 BRA 1986  |p 2001063  |r 2023-06-06  |s 2023-05-22  |t 1  |w 2019-11-15  |y BK  |k DER